000
00286nam a22001337a 4500
008
180124b xxu||||| |||| 00| 0 eng d
020
_a
9780966886801
041
_a
eng
080
_a
338
100
_a
53
101
_a
MNG
245
_a
Real Time Coaching
_c
Ernst, R
942
_2
udc
_c
BK
999
_c
40815
_d
40815